000 02183nam0a2200373 4500
001 RU\NLR\bibl\1524898
005 20260405225428.0
010 _a978-5-91327-082-5
_9500
021 _aRU
_b2010-36774
_92462
035 _a(nilc)RSL-KNO-004646826
035 _a(NLR Aleph) 001516247
090 _a111845
_c111845
100 _a20100519d2010 |||y0rusy50 ca
101 0 _arus
102 _aRU
105 _aa |||||||||
200 1 _aРазработка инновационных подходов к обучению в сфере информационно-аналитического обеспечения деятельности органов государственного управления
_eмонография
_eучебное пособие для студентов высших учебных заведений, обучающихся по специальности 061000 - "Государственное и муниципальное управление"
_fВ.Д. Кривов, Н.А. Мамедова, В.В. Крупенков, А.А. Мельников
_gРос. акад. естествознания
210 _aМосква
_cАкадемия естествознания
_d2010
215 _a118 с.
_cил.
_d21
320 _aБиблиогр.: с. 115-118 (53 назв.)
606 1 _aГосударственное управление
_xИнформационное обеспечение
_yРоссийская Федерация
_92523027
_3RU\NLR\auth\661494948
686 _aЧ23р(2)3-3я73-1
_2rubbk
686 _aХ621.011с11я73-1
_2rubbk
686 _aХ621с51
701 1 _aКривов
_bВ. Д.
_f1962-
_gВиктор Дмитриевич
_4070
701 1 _aМамедова
_bН. А.
_gНаталья Александровна
_4070
701 1 _aКрупенков
_bВ. В.
_gВиктор Владимирович
_4070
701 1 _4070
_8rus
_7ca
_aМельников
_bА. А.
_cэкономист
_gАндрей Алексеевич
_3RU\NLR\auth\77103487
_986413
801 0 _aRU
_bРГБ
_c20100519
_grcr
801 1 _aRU
_bРГБ
_c20100519
801 2 _aRU
_bNLR
_c20100618
_grcr
942 _cBOOK
980 _aNB